Introduction to categories, homological algebra, and sheaf cohomology /
Guardado en:
| Autor Principal: | |
|---|---|
| Formato: | Libro |
| Idioma: | English |
| Publicado: |
Cambridge :
Cambridge University Press,
1978.
|
| Materias: | |
| Etiquetas: |
Agregar Etiqueta
Sin Etiquetas, Sea el primero en etiquetar este registro!
|
| LEADER | 00794cam a2200241 a 4500 | ||
|---|---|---|---|
| 001 | MAT.inmabb002628 | ||
| 008 | 770707s1978####enk######b####001#0#eng## | ||
| 005 | 20110316172909.0 | ||
| 245 | 1 | 0 | |a Introduction to categories, homological algebra, and sheaf cohomology / |c Jan R. Strooker. |
| 260 | |a Cambridge : |b Cambridge University Press, |c 1978. | ||
| 300 | |a ix, 246 p. ; |c 24 cm. | ||
| 504 | |a Bibliografía: p. 239-240. | ||
| 510 | 4 | |a MR, |c 58 #16815 | |
| 020 | |a 0521216990 | ||
| 100 | 1 | |a Strooker, Jan R. | |
| 650 | 0 | |a Categories (Mathematics) | |
| 650 | 0 | |a Algebra, Homological. | |
| 650 | 0 | |a Sheaf theory. | |
| 084 | |a 18-01 (18Gxx) |2 msc2000 | ||
| 010 | |a 77080849 | ||
| 040 | |a DLC |c DLC |d DLC | ||
| 859 | |h 18 |i St924 |p A-5054 |b BIB. MATEMATICA | ||
| 859 | |h 18 |i St924 |p A-5167 |t Ej. 2 |b BIB. MATEMATICA | ||
